00522nam a22001337a 4500999001500000003000400015008004100019245004300060250004300103260003200146650002700178942001200205952017100217 c9767d9767OSt201212b ||||| |||| 00| 0 eng d aIndian Journal of Industrial Relations a2018(Jan Vol.53 No.3, Apr Vol.53 No.4) aNew Delhi bShri Ram Centre aMechanical Engineering 2ddccBV 00102ddc3Bound Volume40718BTECHMEaPIETbPIETd2020-12-12eShri Ram Centreh2018(Jan Vol.53 No.3, Apr Vol.53 No.4)l0pBV419r2020-12-12 00:00:00w2018-01-02yBV